|
|
|
|
| LEADER |
00751nam a22001817a 4500 |
| 082 |
|
|
|a SRE/E M9
|b 894.M3
|
| 100 |
|
|
|a പെരുമ്പടവം ശ്രീധരന്;
|9 224192
|
| 100 |
|
|
|a Perumpadavam Sreedharan
|9 224193
|
| 240 |
|
|
|a Ente hrudayathinte utama
|
| 245 |
|
|
|a എന്റെ ഹൃദയത്തിന്റെ ഉടമ
|
| 250 |
|
|
|a 1st
|
| 260 |
|
|
|a Kottayam;
|b D C Books;
|c 1989
|
| 300 |
|
|
|a 212p.
|
| 650 |
|
|
|a മലയാളം; മലയാളം നോവല്
|9 224194
|
| 650 |
|
|
|a Malayalam; Malayalam Novel
|9 224195
|
| 942 |
|
|
|c BK
|
| 999 |
|
|
|c 31812
|d 31812
|
| 952 |
|
|
|0 0
|1 0
|4 0
|6 894_000000000000000_M3_SRE_E_M9
|7 0
|8 NOVE T
|9 35022
|a MAL
|b MAL
|d 2015-05-07
|e 36476
|g 22.00
|l 0
|o 894.M3 SRE/E M9
|p MAL036476
|r 2015-05-07
|t 1
|w 2015-05-07
|y BK
|